Statistics for 14th Century A-Z

Click here to take the quiz!

General Stats

  • This quiz has been taken 13,589 times
  • The average score is 17 of 26

Answer Stats

LetterYearHintAnswer% Correct
B1347-51This plague kills around 1/3rd of the population of Europe{Black} Death
99%
D1397This country enters into the "Kalmar Union" with Sweden and NorwayDenmark
97%
H1337This series of conflicts between England and France begins{Hundred} {Years}' War
90%
R1300sThis cultural "rebirth" begins in ItalyThe Renaissance
89%
J1333The Muromachi period begins in this countryJapan
86%
I1300This period of cooler weather beginsLittle {Ice} {Age}
86%
E1346This English heir gains the nickname "The Black Prince" at the Battle of CrécyEdward
83%
V1300sThis Italian naval power fights multiple wars against GenoaVenice
78%
K1392The Joseon dynasty comes to power on this peninsulaKorea
77%
N1300sThis German city is considered by some historians to be the "unofficial capital"
of the Holy Roman Empire
Nuremberg
74%
F1300sThis animal is often blamed for the spread of BFlea
72%
M1300sTimbuktu is the capital of this gold-rich empireMali
72%
S1353This country's "Old Confederacy" expands to eight cantonsSwitzerland
70%
W1305This Scottish patriot is hung, drawn, and quartered in LondonWilliam Wallace
69%
P1333Casimir the Great comes to power in this countryPoland
65%
C1387This author begins work on "The Canterbury Tales"Geoffrey Chaucer
64%
A1309-77This French city is the seat of the PapacyAvignon
61%
L1300sThis weapon is instrumental to English victories in HLongbow
54%
G1400With a population of 70,000, this Flemish wool-trading center is the
tenth largest city in Europe
Ghent
49%
Q1300sThis feathered serpent is worshipped at the Great Pyramid of Cholula
in modern-day Mexico
{Quetzal}coatl
45%
U1320According to Dante's "Inferno", people who commit this crime of lending money
at interest belong in the 7th circle of hell
Usury
37%
Y1368This Chinese dynasty, established by Kublai Khan, comes to an endYuan
35%
O1355Nearly one hundred people are killed as local citizens fight students in
this city's St. Scholastica Day riot
Oxford
33%
T1300sThis steppe lord conquers much of Central Asia, killing 5% of the
world's population in the process
{Timur} the Lame
30%
X1387In response to piracy, China builds a fortress at the
site of this city on the Taiwan strait
Xiamen
25%
Z1300sThis city's great enclosure is the largest stone structure south of the SaharaGreat {Zimbabwe}
21%

Score Distribution

Percentile by Number Answered

Percent of People with Each Score

Your Score History

You have not taken this quiz